| 000 | 00609nam a22002057a 4500 | ||
|---|---|---|---|
| 003 | DO-SdBNP | ||
| 005 | 20180213090532.0 | ||
| 008 | 161124b2008 sp||||| |||| 00| 0 spa d | ||
| 020 | _a9788467529005 | ||
| 040 |
_aBPMSU _bspa _cBPMSU |
||
| 100 | _aMenéndez-Ponte , María | ||
| 245 |
_aPupi y los fantasma / _cMaría Menéndez-Ponte ; Ilustración de Javier Andrada |
||
| 260 |
_aMadrid : _bSM , _c2008 |
||
| 300 |
_a59 p. : _bil. : _c20 cm |
||
| 490 | _aBarco de vapor | ||
| 700 | _aIlustraciones de Andrada, Javier | ||
| 942 |
_2ddc _cBK |
||
| 945 | _aInventariado, 2018 / BT | ||
| 956 | _adgarcia | ||
| 999 |
_c12092 _d12092 |
||